UM Logo

Presentation program: (Record no. 3050)

MARC details
000 -LEADER
fixed length control field 00846nam a22002177a 4500
008 - FIXED-LENGTH DATA ELEMENTS--GENERAL INFORMATION
fixed length control field 160606b xxu||||| |||| 00| 0 eng d
020 ## - INTERNATIONAL STANDARD BOOK NUMBER
International Standard Book Number 13: 978-981-424-602-6
020 ## - INTERNATIONAL STANDARD BOOK NUMBER
International Standard Book Number 10: 981-424-602-6
082 ## - DEWEY DECIMAL CLASSIFICATION NUMBER
Edition number 2008
Classification number DC 005.58
Item number Sh3p
100 ## - MAIN ENTRY--PERSONAL NAME
9 (RLIN) 10180
Personal name Shelly, Gary B.
245 ## - TITLE STATEMENT
Title Presentation program:
Remainder of title essential concepts and techniques in Microsoft Powerpoint 2007/
Statement of responsibility, etc. Gary B. Shelly, Thomas J. Cashman and Misty E. Vermaat.
260 ## - PUBLICATION, DISTRIBUTION, ETC. (IMPRINT)
Place of publication, distribution, etc. Singapore:
Name of publisher, distributor, etc. Thomson Learning,
Date of publication, distribution, etc. c2008.
300 ## - PHYSICAL DESCRIPTION
Extent v, 160 pages;
Dimensions 26 cm.
500 ## - GENERAL NOTE
General note Includes index.
650 #0 - SUBJECT ADDED ENTRY--TOPICAL TERM
9 (RLIN) 10183
Topical term or geographic name as entry element Microsoft powerpoint (Computer file).
650 #0 - SUBJECT ADDED ENTRY--TOPICAL TERM
9 (RLIN) 10184
Topical term or geographic name as entry element Presentation graphics software.
650 #0 - SUBJECT ADDED ENTRY--TOPICAL TERM
9 (RLIN) 10185
Topical term or geographic name as entry element Business presentations
General subdivision Graphic methods
-- Computer programs.
700 ## - ADDED ENTRY--PERSONAL NAME
9 (RLIN) 10181
Personal name Cashman, Thomas J.
700 ## - ADDED ENTRY--PERSONAL NAME
9 (RLIN) 10182
Personal name Vermaat, Misty E.
942 ## - ADDED ENTRY ELEMENTS (KOHA)
Source of classification or shelving scheme Dewey Decimal Classification
Koha item type Circulation
Holdings
Withdrawn status Lost status Source of classification or shelving scheme Damaged status Not for loan Collection code Home library Current library Date acquired Source of acquisition Total Checkouts Full call number Barcode Date last seen Price effective from Koha item type
    Dewey Decimal Classification     Circulation UM Digos College - LIC UM Digos College - LIC 10/08/2012 Purchased   DC 005.58 Sh3p 2008 21924 05/15/2025 06/06/2016 Circulation